000 00658nam a2200205 i 4500
001 22153
003 ES-MaACL
005 20251019063037.0
007 t|
008 181210s1958 sp ||||1| spa d
100 1 _aDostoievski, Fiódor,
_d1821-1881
_9242371
245 1 4 _aLos hermanos Karamazov :
_bnovela /
_cFedor Dostoyevski ; [versión de V. Santiago Álvarez].
260 _aBarcelona :
_bMateu,
_c1958.
300 _a588 p. ;
_c19 cm.
490 1 _aColección "La Pluma" ;
_v26
700 1 _aSantiago Álvarez, V.
_9165733
830 1 _aColección "La Pluma" ;
_v26
_9187007
852 _aES-MaACL
_jC-15530
999 _c22153
_d22153